• 首页
  • 本馆介绍
  • 公告通知
  • 最新文献
  • 馆藏检索
  • 电子资源
  • 读者导购
  • 参考咨询
  • 我的图书馆
  • 登录
  • 详细信息显示
  • 放入我的书架
  • 预约/预借图书
  • 作者相关作品
  • 分类相关作品
  • 丛书相关作品
  • 出版社相关作品

书目信息

  • 表格格式
  • 工作单格式
  • 卡片格式
题名:
庄子译诂
    
 
作者: 杨柳桥 撰
分册:  
出版信息: 上海   上海古籍出版社  1991.12
页数: 726页
开本: 21cm
丛书名: 中华古籍译注丛书
单 册:
中图分类: B223.54
科图分类:
主题词: 庄周--哲学--译文 , 庄周--译文
电子资源:
ISBN: 7-5325-1035-2
000 00630nam2 2200229 45
001 0005151570
005 20050321112304.5
010    @a7-5325-1035-2@dCNY30.90
100    @a20000515d1991 km y0chiy0120 ea
101 0  @achi
105    @a z 000yy
200 1  @a庄子译诂@AZhuang Zi Yi Gu@f杨柳桥撰@FYang Liu Qiao Zhuan
210    @a上海@c上海古籍出版社@d1991.12
215    @a726页@d21cm
225    @a中华古籍译注丛书
410    @12001 @a中华古籍译注丛书
606 0  @a庄周@x哲学@x译文
606 0  @a庄周@x译文
690    @aB223.54@v1
701  0 @a杨柳桥@4撰
801    @aCN@bTSTC@c20000515
905    @dB223.54@e172@f1@b288457
    
    庄子译诂/杨柳桥撰.-上海:上海古籍出版社,1991.12
    726页;21cm.-(中华古籍译注丛书)
    
    
    ISBN 7-5325-1035-2:CNY30.90
    
●
相关链接 在E读中查询图书 在五车中查询图书 在当当中查询图书 在豆瓣中查询图书


正题名:庄子译诂     索取号:B223.54/172         预约/预借

序号 登录号 条形码 馆藏地/架位号 状态 备注
1 0288456   002884560   第一样本阅览室/ [索取号:B223.54/172] 在馆    
2 0288457   002884579   第一借阅区/ [索取号:B223.54/172] 在馆    
唐山师范学院图书馆 欢迎您!
大连网信软件有限公司© 版权所有